Statistics for Premier League Clubs with the Greatest Transfer Profits (2022-23

Click here to take the quiz!

General Stats

  • This quiz has been taken 27 times
  • The average score is 18 of 20

Answer Stats

NClubExpenditureBiggest Signing (fee)SalesBiggest Sale (Fee)Profit% Correct
1Brighton & Hove Albion€55.73mPervis Estupinán (€17.8m)€137.9mMarc Cucurella (€65.3m)€82.17m
100%
4Manchester City€78.2mErling Haaland (€60m)€162.17mRaheem Sterling (€56.2m)€11.67m
100%
20Chelsea€611.49mEnzo Fernández (121m)€67.83mTimo Werner (€20m)-€543.66m
96%
3Everton€78.2mAmadou Onana (€35m)€103.6mRicharlison (€58m)€25.4m
96%
5Leeds United€145.59mBrenden Anderson (€32.84m)€114.5mRaphinha (€58m)-€31.09m
96%
10Liverpool€137.3mDarwin Núnez (€80m)€80.7mSadio Mané (€32m)-€56.6m
96%
15Arsenal€192.36mGabriel Jesus (52.2m)€23.8mMattéó Guendouzi (€11m)-€168.56m
92%
19Manchester United€243.28mAntony (€95m)€13.25mAndreas Pereira (€9.5m)-€230.03m
92%
16Newcastle United€185.35mAlexander Isak (€70m)€13.3mJonjo Shelvey (€6.5m)-€172.05m
92%
17West Ham United€194mLucas Paquetá (€42.95m)€21.55mIssa Diop (€17.8m)-€172.45m
92%
9Fulham€71.2mJoao Palhinha (€20m)€21.9mFrank Anguissa (€16m)-€49.3m
88%
2Leicester City€48mHarry Souttar (17m)€81.4mWesley Fofana (€80.4m)€33.4m
88%
12Wolverhampton Wanderers€177.11mMatheus Nunes (€45m)€62.87mMorgan Gibbs-White (€29.5m)-€114.24m
88%
7Aston Villa€100.14mDiego Carlos (€31m)€54mCarney Chukwuemeka (€18m)-€46.14m
83%
6Crystal Palace€46.6mCheick Doucouré (€22.6m)€5.46mChristian Benteke (€5.46m)-€41.15m
83%
18Nottingham Forest€195.25mMorgan Gibbs-White (€29.5m)€5mBrice Samba (€5m)-€190.25m
83%
13Southampton€143.65mKamaldeen Sulemana (€25m)€5.5mOriol Romeu (€5.5m)-€138.15m
83%
14Tottenham Hotspurs€177.9mRicharlison (€58m)€38.75mSteven Bergwijn (€31.25m)-€139.15m
79%
8Brentford€51.5mKeane Lewis-Potter (€19m)€3.6mMarcus Forrs (€3.6m)-€47.9m
75%
11A.F.C Bournemouth€83.1mIlya Zabarnyi (€22.7m)€0Robbie Brady (Free)-€83.1m
71%

Score Distribution

Percentile by Number Answered

Percent of People with Each Score

Your Score History

You have not taken this quiz